000 02373cam a22002054a 4500
005 20250605164006.0
008 250528s ||||||||||||||||||||||||d
035 _a15806
020 _a9608249414
040 _aGR-AtMCL
_bgre
_dGR-AtMCL
_eAACR2
245 1 _aΔιεθνείς Οικονομικές Σχέσεις / Θεωρία - Μεθοδολογία - Εφαρμογές
250 _a
260 _bΓ. Μπένου,
_c2004
300 _a672
520 _aΠρόλογος, Θεωρία Διεθνούς Εμπορίου, Διεθνής Οικονομία, Θεωρία Συγκριτικού Πλεονεκτήματος, Οφέλη Διεθνούς Εμπορίου και Καμπύλες Ανταλλαγής, Θεωρία Hecksche-Ohlin και Συντελεστές Παραγωγής, Σύγχρονες Θεωρίες και Εφαρμογές Διεθνούς Εμπορίου, Διεθνές Εμπορίο και Πολιτική, Δασμοί και Προστατευτισμός, Νεοπροστατευτισμός και Θεσμικό Πλαίσιο Διεθνών Ανταλλαγών, Οικονομική Ενοποίηση, Οικονομική Ανάπτυξη και Μετανάστευση και Πολυεθνικές Εταιρείες, Ισοζύγιο Πληρωμών και Διεθνής Αγορά Συναλλάγματος, Ισοζύγιο Πληρωμών, Συνναλαγματική Ισοτιμία και Αγορά Συναλλάγματος, Παράγωγα και Κίνδυνος και Κερδοσκοπία και Αντιστάθμιση, Βασικές Θεωρίες Ισοζύγιου Πληρωμών, Διεθνής Μακροοικονομική Ανάλυση και Παγκόσμιο Νομισματικό Σύστημα, Υπόδειγμα Ανοικτής Οικονομίας, Δημόσιος Τομέας και Κρατικά Ελλείματα και Εξωτερικό Χρέος, Μακροοικονομική Ισορροπία και Υπόδειγμα IS-LM-BP, Θεωρία Mundell-Fleming σε Σταθερές και Κυμαινόμενες Ισοτιμίες, Διεθνές Νομισματικό Σύστημ (1870-1972), Γενική Βιβλιογραφία.
700 1 _aΒαμβούκας Γεώργιος Α
_91801
942 _cBK
999 _c1357
_d1357